Deutsche Städte, die auf -furt enden - Statistiken

Allgemein
  • Dieses Quiz wurde 98 mal gespielt
  • Das Durchschnittsergebnis liegt bei 4 aus 6
Antwortstatistiken
BL Einwohner Stadt % Korrekt
HE 756.021 Frankfurt am Main
98%
BB 57.107 Frankfurt (Oder)
98%
TH 218.793 Erfurt
93%
BY 54.481 Schweinfurt
77%
NW 34.860 Steinfurt
41%
ST 23.181 Staßfurt
7%
Keine übereinstimmenden Quizze gefunden
Verteilung der Resultate
Anzahl Personen mit jedem Resultat
Perzentil nach korrekt beantworteten Fragen
Ihre Resultats-Entwicklung
Sie haben dieses Quiz noch nicht gespielt